[Event "CZE-ch U14"]
[Site "Harrachov"]
[Date "2024.10.27"]
[Round "2"]
[White "Jindrakova, Alzbeta"]
[Black "Hokr, Matyas"]
[Result "0-1"]
[WhiteElo "1092"]
[BlackElo "1685"]
[PlyCount "66"]
[EventDate "2024.10.26"]
[EventType "swiss"]
[EventRounds "9"]
[EventCountry "CZE"]
[SourceTitle "CB45_2024"]
[Source "ChessBase"]
[SourceDate "2024.11.06"]
[SourceVersion "1"]
[SourceVersionDate "2024.11.06"]
[SourceQuality "1"]

1. e4 e6 2. d4 d5 3. exd5 exd5 4. Bd3 Bd6 5. Nf3 Ne7 6. Nbd2 Bg4 7. Nb3 Nbc6 8. c3 Qd7 9. Bg5 0-0-0 10. Nbd2 f6 11. Bh4 Rde8 12. 0-0 g5 13. Bg3 h5 14. Bxd6 Qxd6 15. h3 Bd7 16. Ne1 g4 17. hxg4 hxg4 18. g3 Rh3 19. Be2 f5 20. Kg2 Reh8 21. Rg1 Qh6 22. Bd3 f4 23. Bb5 f3+ 24. Ndxf3 gxf3+ 25. Nxf3 Rh2+ 26. Nxh2 Qxh2+ 27. Kf1 Bh3+ 28. Ke2 Bg4+ 29. Ke1 Qxg1+ 30. Kd2 Bxd1 31. Rxd1 Qxf2+ 32. Kc1 Rh2 33. a3 Qxb2# 0-1